Central Library OPAC University of Rajshahi

A book of poetry / (Record no. 21375)

MARC details
000 -LEADER
fixed length control field 00659nam a22002292a 4500
001 - CONTROL NUMBER
control field 21375
003 - CONTROL NUMBER IDENTIFIER
rucl marc code BD-RjUL
005 - DATE AND TIME OF LATEST TRANSACTION
control field 20211209000658.0
008 - FIXED-LENGTH DATA ELEMENTS--GENERAL INFORMATION
fixed length control field 140304s1959 enk 000 1 eng d
035 ## - SYSTEM CONTROL NUMBER
System control number OCLC ocm15340951 from D950315M
-- (BD-RjUL)21439
040 ## - CATALOGING SOURCE
Original cataloging agency IXA
Transcribing agency IXA
Modifying agency OCL
-- UKM
-- EQO
-- BD-RjUL
Language of cataloging eng
041 ## - LANGUAGE CODE
Language code of text/sound track or separate title eng
082 00 - DEWEY DECIMAL CLASSIFICATION NUMBER
Classification number 821.008
Edition number 18
Author mark and year SMB 1959
090 ## - LOCALLY ASSIGNED LC-TYPE CALL NUMBER (OCLC); LOCAL CALL NUMBER (OCLC)
Classification number (OCLC) (R) ; Classification number, CALL (RLIN) (NR) PR1173
Local cutter number (OCLC) ; Book number/undivided call number, CALL (RLIN) .S597 1959
100 1# - MAIN ENTRY--PERSONAL NAME
Personal name Smyth, William Maclurg.
9 (RLIN) 66069
245 02 - TITLE STATEMENT
Title A book of poetry /
Statement of responsibility, etc. Selected by W.M. Smyth
260 ## - PUBLICATION, DISTRIBUTION, ETC. (IMPRINT)
Place of publication, distribution, etc. London :
Name of publisher, distributor, etc. Edward Arnold,
Date of publication, distribution, etc. 1959.
300 ## - PHYSICAL DESCRIPTION
Pagination 383 p. ;
Size 20 cm
650 #0 - SUBJECT ADDED ENTRY--TOPICAL TERM
Topical term or geographic name as entry element English poetry
9 (RLIN) 66070
942 ## - ADDED ENTRY ELEMENTS (KOHA)
Source of classification or shelving scheme Dewey Decimal Classification
Koha item type Books
Holdings
Lost status Source of classification or shelving scheme Damaged status Not for loan Permanent Location Current Location Shelving location Date acquired Source of acquisition Cost, normal purchase price Total Checkouts Full call number Date last seen Copy number Koha item type
  Dewey Decimal Classification   Added to bundle Central Library, University of Rajshahi Central Library, University of Rajshahi Reading Room 26/04/1966 Australia. 0.00   821.008 SMB 1959 04/03/2014 C-1 Books